LEADER 00943nam2-22003371i-450- 001 990000187380403321 035 $a000018738 035 $aFED01000018738 035 $a(Aleph)000018738FED01 035 $a000018738 100 $a20011111d--------km-y0itay50------ba 101 0 $aita 105 $ay-------001yy 200 1 $a1. : XVI, 502 p. : ill. 210 $aPisa$cColombo Cursi$d1965- 215 $av.$d26 cm 461 0$1001000000204$12001$aLezioni di elettrotecnica generale 610 0 $aElettrotecnica 676 $a621.3 700 1$aBattistini,$bGiulio$f<1912-2004>$0330962 801 0$aIT$bUNINA$gRICA$2UNIMARC 901 $aBK 912 $a990000187380403321 952 $a13 C 07 07$b29180$fFINBC 952 $a13 C 07 03$b28169$fFINBC 952 $a13 C 16 20$b29034$fFINBC 952 $a13 C 07 05$b30369$fFINBC 959 $aFINBC 996 $a1. : XVI, 502 p. : ill$9122643 997 $aUNINA DB $aING01 LEADER 03995nam 22006854a 450 001 9910450624903321 005 20210604014447.0 010 $a1-282-76244-3 010 $a9786612762444 010 $a0-520-93566-7 010 $a1-59734-694-2 024 7 $a10.1525/9780520935662 035 $a(CKB)1000000000004333 035 $a(EBL)224066 035 $a(OCoLC)475929757 035 $a(SSID)ssj0000281085 035 $a(PQKBManifestationID)11912448 035 $a(PQKBTitleCode)TC0000281085 035 $a(PQKBWorkID)10301047 035 $a(PQKB)11664046 035 $a(StDuBDS)EDZ0000055864 035 $a(MiAaPQ)EBC224066 035 $a(MdBmJHUP)muse30652 035 $a(DE-B1597)520912 035 $a(OCoLC)568491402 035 $a(DE-B1597)9780520935662 035 $a(Au-PeEL)EBL224066 035 $a(CaPaEBR)ebr10048988 035 $a(CaONFJC)MIL276244 035 $a(EXLCZ)991000000000004333 100 $a20010406d2002 uy 0 101 0 $aeng 135 $aurun#---|u||u 181 $ctxt 182 $cc 183 $acr 200 14$aThe Jews of Britain, 1656 to 2000$b[electronic resource] /$fTodd M. Endelman 210 $aBerkeley ;$aLos Angeles $cUniversity of California Press$dc2002 215 $a1 online resource (363 p.) 225 1 $aJewish communities in the modern world ;$v3 300 $aDescription based upon print version of record. 311 0 $a0-520-22719-0 311 0 $a0-520-22720-4 320 $aIncludes bibliographical references (p. 319-336) and index. 327 $tFront matter --$tContents --$tIllustrations --$tAcknowledgments --$tIntroduction --$t1. The Resettlement (1656-1700) --$t2. Bankers And Brokers, Peddlers And Pickpockets (1700-1800) --$t3. Poverty To Prosperity (1800-1870) --$t4. Native Jews And Foreign Jews (1870-1914) --$t5. The Great War To The Holocaust (1914-1945) --$t6. The Fracturing Of Anglo-Jewry (1945-2000) --$tConclusion --$tNotes --$tGlossary Of Hebrew And Yiddish Words --$tBibliography --$tIndex 330 $aIn Todd Endelman's spare and elegant narrative, the history of British Jewry in the modern period is characterized by a curious mixture of prominence and inconspicuousness. British Jews have been central to the unfolding of key political events of the modern period, especially the establishment of the State of Israel, but inconspicuous in shaping the character and outlook of modern Jewry. Their story, less dramatic perhaps than that of other Jewish communities, is no less deserving of this comprehensive and finely balanced analytical account. Even though Jews were never completely absent from Britain after the expulsion of 1290, it was not until the mid- seventeenth century that a permanent community took root. Endelman devotes chapters to the resettlement; to the integration and acculturation that took place, more intensively than in other European states, during the eighteenth century; to the remarkable economic transformation of Anglo-Jewry between 1800 and 1870; to the tide of immigration from Eastern Europe between 1870 and 1914 and the emergence of unprecedented hostility to Jews; to the effects of World War I and the turbulent events up to and including the Holocaust; and to the contradictory currents propelling Jewish life in Britain from 1948 to the end of the twentieth century. We discover not only the many ways in which the Anglo-Jewish experience was unique but also what it had in common with those of other Western Jewish communities. 410 0$aJewish communities in the modern world ;$v3. 606 $aJews$zGreat Britain$xHistory 607 $aGreat Britain$xEthnic relations 608 $aElectronic books. 615 0$aJews$xHistory. 676 $a941/.004924 700 $aEndelman$b Todd M$0885168 801 0$bMiAaPQ 801 1$bMiAaPQ 801 2$bMiAaPQ 906 $aBOOK 912 $a9910450624903321 996 $aThe Jews of Britain, 1656 to 2000$92476868 997 $aUNINA LEADER 03786oam 2200733I 450 001 9910785328003321 005 20230725025715.0 010 $a1-136-90247-3 010 $a1-136-90248-1 010 $a1-282-93009-5 010 $a9786612930096 010 $a0-203-84197-2 024 7 $a10.4324/9780203841976 035 $a(CKB)2670000000059762 035 $a(EBL)958273 035 $a(OCoLC)741356645 035 $a(SSID)ssj0000468163 035 $a(PQKBManifestationID)12210756 035 $a(PQKBTitleCode)TC0000468163 035 $a(PQKBWorkID)10514560 035 $a(PQKB)11054458 035 $a(SSID)ssj0000475202 035 $a(PQKBManifestationID)12179619 035 $a(PQKBTitleCode)TC0000475202 035 $a(PQKBWorkID)10462973 035 $a(PQKB)11516627 035 $a(MiAaPQ)EBC958273 035 $a(Au-PeEL)EBL958273 035 $a(CaPaEBR)ebr10433379 035 $a(CaONFJC)MIL293009 035 $a(OCoLC)696918876 035 $a(OCoLC)1058799784 035 $a(FINmELB)ELB137944 035 $a(EXLCZ)992670000000059762 100 $a20180706d2011 uy 0 101 0 $aeng 135 $aur|n|---||||| 181 $ctxt 182 $cc 183 $acr 200 04$aThe Crusades and the Near East /$fedited by Conor Kostick 210 1$aLondon ;$aNew York :$cRoutledge :$cTaylor & Francis Group,$d2011. 215 $a1 online resource (288 p.) 300 $aDescription based upon print version of record. 311 $a0-415-58041-2 311 $a0-415-58040-4 320 $aIncludes bibliographical references and index. 327 $aBOOK COVER; TITLE; COPYRIGHT; CONTENTS; ILLUSTRATIONS; CONTRIBUTORS; ACKNOWLEDGEMENTS; ABBREVIATIONS; INTRODUCTION; 1 WARFARE IN THE MEDITERRANEAN REGION IN THE AGE OF THE CRUSADES, 1095-1291; 2 MUSLIM RESPONSES TO THE FRANKISH DOMINION IN THE NEAR EAST, 1098-1291; 3 ON THE MARGINS OF CHRISTENDOM: The impact of the crusades on Byzantium; 4 CONFLICT AND COHABITATION: Marriage and diplomacy between Latins and Cilician Armenians, c.1097-1253; 5 NATIONAL IDENTITY, LANGUAGE AND CONFLICT IN THE CRUSADES TO THE HOLY LAND, 1096-1192 327 $a6 INIMICUS DEI ET SANCTAE CHRISTIANITATIS?: Saracens and their Prophet in twelfth-century crusade propaganda and western travesties of Muhammad's life7 THE IMPACT OF THE FIRST CRUSADE ON WESTERN OPINION TOWARDS THE BYZANTINE EMPIRE: The Dei Gesta per Francos of Guibert of Nogent and the Historia Hierosolymitana of Fulcher of Chartres; 8 ORIENTAL AND OCCIDENTAL MEDICINE IN THE CRUSADER STATES; 9 ARCHITECTURE OF THE CRUSADERS IN THE HOLY LAND: The first European colonial architecture?; 10 PEACEMAKING: Perceptions and practices in the medieval Latin East; AFTERWORD; INDEX 330 $aThe crusades are often seen as epitomising a period when hostility between Christian West and the Muslim Near East reached an all time high. As this edited volume reveals, however, the era was one which saw both conflict and cohabitation.Tackling such questions as whether medicinal and architectural innovations came to Europe as a direct result of the Crusades, and why and how peace treaties and intermarriages were formed between the different cultures, this distinguished group of contributors reveal how the Holy Wars led on the one hand to a reinforcement of the beliefs and identiti 517 1 $aCrusades and the Near East :$ecultural histories 606 $aCrusades 607 $aMiddle East$xHistory 615 0$aCrusades. 676 $a909.07 676 $a956.014 701 $aKostick$b Conor$f1964-$0140810 801 0$bMiAaPQ 801 1$bMiAaPQ 801 2$bMiAaPQ 906 $aBOOK 912 $a9910785328003321 996 $aThe Crusades and the Near East$93689801 997 $aUNINA